000
00316nam a2200109Ia 4500
008
180116s9999 xx 000 0 und d
020
_a
9781469897929
245
_c
Mary L. Turgeon
_a
Clinical Hematology Theory and Procedures
250
_a
5th ed
260
_b
Lippincott Williams & Wilkins
_c
2012
300
_a
608 pages
999
_c
353273
_d
353273